[Event "DSM WK M 2011"]
[Site "Karlsruhe GER"]
[Date "2011.05.14"]
[Round "5"]
[White "König, Isabel"]
[Black "Wiesner, Paula"]
[Result "0-1"]
[Termination "normal"]
[Board "7.1"]
[WhiteElo "910"]
[BlackElo "1642"]
[WhiteTeam "Gymnasium Altenholz"]
[BlackTeam "Goethe-Gymnasium Karlsruhe"]
[PlyCount "80"]
[WhiteFideId "16210000"]
[BlackFideId "24654019"]
[EventCountry "GER"]
[EventRounds "7"]
[EventType "team-swiss"]
[EventDate "2011.05.12"]

1. d4 d5 2. c4 e6 3. Nf3 Nf6 4. Nc3 c6 5. Bg5 Nbd7 6. e3 Qa5 7. Qc2 Ne4 8. a3
Bb4 9. Rc1 Bxc3+ 10. bxc3 Qxa3 11. cxd5 exd5 12. Bd3 Nxg5 13. Nxg5 h6 14. Nf3
O-O 15. O-O Qd6 16. Qe2 Nf6 17. Ne5 c5 18. Rfd1 c4 19. Bc2 Be6 20. h3 b5 21.
Ng4 Nxg4 22. hxg4 a5 23. g5 Bd7 24. gxh6 Qxh6 25. Rb1 Qf6 26. Qh5 g6 27. Qxd5
Bc6 28. Qc5 Rfd8 29. Rd2 Rd5 30. Qa3 Rg5 31. f3 Qxf3 32. Be4 Bxe4 33. Rbb2
Qxe3+ 34. Rf2 Rxg2+ 35. Kf1 Qc1+ 36. Ke2 Bd3+ 37. Kf3 Rxf2+ 38. Kxf2 Qf1+ 39.
Ke3 Re8+ 40. Kd2 Re2# 0-1

[Event "DSM WK M 2011"]
[Site "Karlsruhe GER"]
[Date "2011.05.14"]
[Round "5"]
[White "Ketterer, Beatrice"]
[Black "Caliebe, Frauke"]
[Result "1/2-1/2"]
[Termination "normal"]
[Board "7.2"]
[WhiteElo "781"]
[BlackElo "837"]
[WhiteTeam "Goethe-Gymnasium Karlsruhe"]
[BlackTeam "Gymnasium Altenholz"]
[PlyCount "56"]
[WhiteFideId "12983411"]
[EventCountry "GER"]
[EventRounds "7"]
[EventType "team-swiss"]
[EventDate "2011.05.12"]

1. e4 c5 2. Nc3 e6 3. Bb5 a6 4. Ba4 b5 5. Bb3 c4 6. Bxc4 bxc4 7. Nf3 d6 8. d4
cxd3 9. cxd3 Nf6 10. O-O Be7 11. Bg5 O-O 12. Bxf6 Bxf6 13. h3 Nd7 14. Rc1 Bb7
15. Re1 d5 16. e5 Bg5 17. Rc2 Rc8 18. d4 Bh6 19. a3 f6 20. b4 fxe5 21. dxe5 Qc7
22. a4 Bf4 23. Nd4 Rce8 24. Nxd5 Qb8 25. Nxf4 Rxf4 26. Nxe6 Rxe6 27. Qxd7 Rb6
28. e6 Rbxb4 1/2-1/2

[Event "DSM WK M 2011"]
[Site "Karlsruhe GER"]
[Date "2011.05.14"]
[Round "5"]
[White "Caliebe, Nanke"]
[Black "Henke, Hanna"]
[Result "1-0"]
[Termination "normal"]
[Board "7.3"]
[WhiteElo "858"]
[BlackElo "800"]
[WhiteTeam "Gymnasium Altenholz"]
[BlackTeam "Goethe-Gymnasium Karlsruhe"]
[PlyCount "101"]
[WhiteFideId "12980528"]
[BlackFideId "12964441"]
[EventCountry "GER"]
[EventRounds "7"]
[EventType "team-swiss"]
[EventDate "2011.05.12"]

1. d4 d5 2. c4 dxc4 3. e4 Nc6 4. Nf3 Nf6 5. Nc3 Bg4 6. Be3 e5 7. dxe5 Nxe5 8.
Qxd8+ Rxd8 9. Nxe5 Bb4 10. Bd2 Bxc3 11. Bxc3 Nxe4 12. Nxg4 Nxc3 13. bxc3 O-O
14. Bxc4 Rfe8+ 15. Ne3 a6 16. O-O b5 17. Be2 Rd2 18. Bf3 Rd3 19. c4 bxc4 20.
Nxc4 Rc3 21. Rac1 Rd3 22. Rfe1 Red8 23. Ne5 R3d5 24. Bxd5 Rxd5 25. Nd7 h6 26.
Re8+ Kh7 27. Re7 f6 28. g3 c5 29. Nxc5 a5 30. Nd7 Rd2 31. Rc8 Rxa2 32. Nxf6+
Kg6 33. Ne4 a4 34. Re5 a3 35. Ra8 Ra1+ 36. Kg2 a2 37. Kf3 Kh7 38. Rea5 Kg6 39.
Rxa2 Rxa2 40. Rxa2 Kf5 41. Ra5+ Kg6 42. g4 Kf7 43. Ra6 Kg8 44. g5 hxg5 45. Nxg5
Kf8 46. Kf4 Ke7 47. Ke5 Kf8 48. Ke6 g6 49. Ra7 Kg8 50. Kf6 Kh8 51. Ra8# 1-0

[Event "DSM WK M 2011"]
[Site "Karlsruhe GER"]
[Date "2011.05.14"]
[Round "5"]
[White "Kipp, Emma"]
[Black "Morsch, Rebecca"]
[Result "0-1"]
[Termination "normal"]
[Board "7.4"]
[WhiteElo "800"]
[BlackElo "800"]
[WhiteTeam "Goethe-Gymnasium Karlsruhe"]
[BlackTeam "Gymnasium Altenholz"]
[PlyCount "46"]
[EventCountry "GER"]
[EventRounds "7"]
[EventType "team-swiss"]
[EventDate "2011.05.12"]

1. e4 c5 2. Nf3 Nf6 3. Bb5 Nc6 4. Nc3 d6 5. Bxc6+ bxc6 6. d3 e6 7. Bg5 Be7 8.
Bxf6 Bxf6 9. O-O O-O 10. Na4 Qa5 11. Rb1 Qxa4 12. b3 Qxa2 13. h3 Qa5 14. Qc1 d5
15. exd5 cxd5 16. c4 d4 17. Qe1 Bd8 18. Ne5 Qc7 19. Qe4 Qd6 20. Qxa8 Qxe5 21.
Qxc8 Be7 22. Qb7 Bd6 23. Qxa7 Qh2# 0-1

[Event "DSM WK M 2011"]
[Site "Karlsruhe GER"]
[Date "2011.05.14"]
[Round "5"]
[White "Wang, Yanru"]
[Black "Hillmer, Nicole"]
[Result "1-0"]
[Termination "normal"]
[Board "8.1"]
[WhiteElo "1180"]
[BlackElo "1204"]
[WhiteTeam "Gymnasium Carolinum Osnabrück"]
[BlackTeam "Gymnasium Neureut"]
[PlyCount "45"]
[WhiteFideId "12929328"]
[EventCountry "GER"]
[EventRounds "7"]
[EventType "team-swiss"]
[EventDate "2011.05.12"]

1. f4 d5 2. Nf3 Nf6 3. b3 Bf5 4. Bb2 e6 5. e3 a6 6. Be2 Be4 7. d3 Bxf3 8. Bxf3
Bc5 9. d4 Be7 10. O-O c5 11. Nd2 O-O 12. c4 Nc6 13. Rc1 Rc8 14. cxd5 Nxd5 15.
Bxd5 Qxd5 16. e4 Qd8 17. dxc5 Nb4 18. Qg4 g6 19. Nc4 Bxc5+ 20. Kh1 Nc6 21. f5
b5 22. fxg6 fxg6 23. Qxe6+ 1-0

[Event "DSM WK M 2011"]
[Site "Karlsruhe GER"]
[Date "2011.05.14"]
[Round "5"]
[White "Schweiger, Yasmin"]
[Black "Tworek, Kristina"]
[Result "1/2-1/2"]
[Termination "normal"]
[Board "8.2"]
[WhiteElo "1063"]
[BlackElo "800"]
[WhiteTeam "Gymnasium Neureut"]
[BlackTeam "Gymnasium Carolinum Osnabrück"]
[PlyCount "38"]
[EventCountry "GER"]
[EventRounds "7"]
[EventType "team-swiss"]
[EventDate "2011.05.12"]

1. d4 d5 2. c4 Nf6 3. Nc3 e6 4. Bg5 c5 5. e3 Be7 6. Nf3 Nc6 7. Be2 Ne4 8. Bxe7
Qxe7 9. Qc2 Nb4 10. Qc1 O-O 11. a3 Nxc3 12. Qxc3 Nc6 13. O-O b6 14. Rac1 Ba6
15. Bd3 Na5 16. Nd2 Qf6 17. b4 cxd4 18. exd4 dxc4 19. Nxc4 Nxc4 1/2-1/2

[Event "DSM WK M 2011"]
[Site "Karlsruhe GER"]
[Date "2011.05.14"]
[Round "5"]
[White "Fotler, Diana"]
[Black "Hellmann, Stella"]
[Result "1-0"]
[Termination "normal"]
[Board "8.4"]
[WhiteElo "800"]
[BlackElo "800"]
[WhiteTeam "Gymnasium Neureut"]
[BlackTeam "Gymnasium Carolinum Osnabrück"]
[PlyCount "63"]
[EventCountry "GER"]
[EventRounds "7"]
[EventType "team-swiss"]
[EventDate "2011.05.12"]

1. e4 g6 2. Bd3 Nf6 3. Nc3 d6 4. Nf3 Nc6 5. Bb5 a6 6. Bxc6+ bxc6 7. O-O Bh6 8.
d4 O-O 9. Bxh6 Re8 10. e5 Nd5 11. Qd3 c5 12. Nxd5 Bb7 13. Nf4 Qd7 14. dxc5 e6
15. exd6 cxd6 16. Qd4 e5 17. Nxe5 dxe5 18. Qxd7 Rab8 19. Rfe1 a5 20. Re3 Red8
21. Qa4 f6 22. Qc4+ Kh8 23. c6 Bc8 24. c7 Bd7 25. Nd5 a4 26. Nxf6 a3 27. Nxd7
Rbc8 28. Nxe5 axb2 29. Rae1 Rb8 30. Nf7+ Kg8 31. Nxd8+ Kh8 32. Re8# 1-0

[Event "DSM WK M 2011"]
[Site "Karlsruhe GER"]
[Date "2011.05.14"]
[Round "5"]
[White "Nee, Maria Elisabeth"]
[Black "Holzapfel, Nanne"]
[Result "1-0"]
[Termination "normal"]
[Board "9.1"]
[WhiteElo "800"]
[BlackElo "800"]
[WhiteTeam "Mariengymnasium Papenburg"]
[BlackTeam "Benjamin-Schule Remplin"]
[PlyCount "69"]
[EventCountry "GER"]
[EventRounds "7"]
[EventType "team-swiss"]
[EventDate "2011.05.12"]

1. e4 e5 2. Nf3 Nc6 3. Bc4 Bc5 4. Nc3 Nf6 5. d3 O-O 6. Bg5 h6 7. Bh4 Re8 8. O-O
d6 9. h3 Bb4 10. Nd5 Nxd5 11. Bxd8 Nxd8 12. Bxd5 Be6 13. d4 exd4 14. Bxe6 Rxe6
15. Qxd4 Bc5 16. Qc4 Nc6 17. e5 Na5 18. Qc3 b6 19. b4 Nb7 20. bxc5 bxc5 21.
Rab1 Rb8 22. exd6 cxd6 23. Rfe1 Rf6 24. Re7 Re6 25. Rexb7 Rbe8 26. Rb8 Re4 27.
Rxe8+ Rxe8 28. Rb7 a6 29. Nd2 Ra8 30. Qf3 Rf8 31. Ne4 a5 32. Nxd6 f6 33. Qh5 a4
34. Qg6 a3 35. Qxg7# 1-0

[Event "DSM WK M 2011"]
[Site "Karlsruhe GER"]
[Date "2011.05.14"]
[Round "5"]
[White "Holzapfel, Nele"]
[Black "Hoffner, Rieke"]
[Result "1/2-1/2"]
[Termination "normal"]
[Board "9.2"]
[WhiteElo "800"]
[BlackElo "800"]
[WhiteTeam "Benjamin-Schule Remplin"]
[BlackTeam "Mariengymnasium Papenburg"]
[PlyCount "88"]
[EventCountry "GER"]
[EventRounds "7"]
[EventType "team-swiss"]
[EventDate "2011.05.12"]

1. e4 e5 2. Nf3 Nc6 3. Bc4 Nf6 4. Nc3 Bc5 5. O-O d6 6. d3 h6 7. h3 Be6 8. Bxe6
fxe6 9. Be3 Bb6 10. Bxb6 axb6 11. a3 Nd4 12. Nxd4 exd4 13. Nb5 c6 14. Nxd4 Qd7
15. b4 O-O 16. Re1 c5 17. Nb3 cxb4 18. axb4 Rxa1 19. Qxa1 d5 20. exd5 Qxd5 21.
Qc3 Qc6 22. Qxc6 bxc6 23. Rxe6 Rc8 24. Nd4 c5 25. bxc5 bxc5 26. Nf5 Re8 27.
Rxe8+ Nxe8 28. d4 cxd4 29. Nxd4 Kf7 30. Nf5 Kf6 31. g4 Kg5 32. c4 g6 33. Ng3
Nc7 34. Kh2 h5 35. gxh5 gxh5 36. c5 h4 37. Ne4+ Kf5 38. Nd6+ Ke5 39. Nf7+ Kd5
40. f4 Kxc5 41. f5 Ne8 42. Ng5 Ng7 43. Nf3 Nxf5 44. Kg2 Kd5 1/2-1/2

[Event "DSM WK M 2011"]
[Site "Karlsruhe GER"]
[Date "2011.05.14"]
[Round "5"]
[White "Kroupa, Andriana"]
[Black "Jörs, Pia-Milena"]
[Result "1-0"]
[Termination "normal"]
[Board "9.3"]
[WhiteElo "800"]
[BlackElo "800"]
[WhiteTeam "Mariengymnasium Papenburg"]
[BlackTeam "Benjamin-Schule Remplin"]
[PlyCount "53"]
[BlackFideId "12964646"]
[EventCountry "GER"]
[EventRounds "7"]
[EventType "team-swiss"]
[EventDate "2011.05.12"]

1. d4 d5 2. Nf3 Nc6 3. Nc3 Nf6 4. Bg5 e6 5. e3 Bb4 6. Qd2 O-O 7. Bb5 a6 8. Bxc6
bxc6 9. Ne5 Be7 10. Nxc6 Qd7 11. Ne5 Qe8 12. h4 Nh5 13. g4 Nf6 14. h5 Nd7 15.
Nxd7 Bxd7 16. Bxe7 Qxe7 17. O-O-O e5 18. Nxd5 Qd8 19. Qb4 Bxg4 20. Rdg1 Bf5 21.
Qb7 Qd6 22. Rg5 Be6 23. c4 Rfb8 24. Ne7+ Qxe7 25. Qg2 Bxc4 26. Rxg7+ Kf8 27.
Rg8# 1-0

[Event "DSM WK M 2011"]
[Site "Karlsruhe GER"]
[Date "2011.05.14"]
[Round "5"]
[White "Schubert, Lea Sophie"]
[Black "Schulte, Katharina"]
[Result "0-1"]
[Termination "normal"]
[Board "9.4"]
[WhiteElo "800"]
[BlackElo "800"]
[WhiteTeam "Benjamin-Schule Remplin"]
[BlackTeam "Mariengymnasium Papenburg"]
[PlyCount "68"]
[EventCountry "GER"]
[EventRounds "7"]
[EventType "team-swiss"]
[EventDate "2011.05.12"]

1. e4 e5 2. Nf3 Nc6 3. Nc3 Bc5 4. g3 Nf6 5. Bc4 d6 6. Ng5 O-O 7. Bxf7+ Rxf7 8.
Nxf7 Kxf7 9. Qf3 Bg4 10. Qg2 Nd4 11. Rb1 Bf3 12. Qg1 Bxh1 13. Qxh1 Nxc2+ 14.
Kd1 Nb4 15. a3 Ng4 16. Qe1 Nd3 17. Qe2 Ndxf2+ 18. Ke1 Bd4 19. Qc4+ Kf6 20. h3
Nxh3 21. Nd5+ Kg5 22. d3+ Ne3 23. Nxe3 Bxe3 24. Bxe3+ Kg4 25. Qe6+ Kxg3 26.
Bf2+ Nxf2 27. Ke2 Qe8 28. Rg1+ Kf4 29. Kxf2 Qxe6 30. b4 Qh3 31. Rg2 Rf8 32. Rh2
Qxh2+ 33. Kf1 Ke3+ 34. Ke1 Qh1# 0-1